[Event " "]
[Site "Deauville"]
[Date "17.??.??"]
[Round "8.1"]
[White "Todorov, Todor"]
[Black "Rowson, Jonathan"]
[Result "1/2-1/2"]
[WhiteElo "2493"]
[BlackElo "2592"]
[PlyCount "27"]
[EventDate "17.??.??"]
[WhiteTeam "Bois-Colombes"]
[BlackTeam "Noyon"]

1. e4 e5 2. Nf3 Nc6 3. Nc3 Nf6 4. a3 d6 5. d4 exd4 6. Nxd4 g6 7. Bg5 Bg7 8. Bb5
Bd7 9. O-O h6 10. Bh4 O-O 11. Nf3 a6 12. Bc4 Qe8 13. Re1 Ne5 14. Be2 1/2-1/2

[Event " "]
[Site "Deauville"]
[Date "17.??.??"]
[Round "8.2"]
[White "Magem Badals, Jordi"]
[Black "Kozakov, Mikhail"]
[Result "0-1"]
[WhiteElo "2487"]
[BlackElo "2415"]
[PlyCount "84"]
[EventDate "17.??.??"]
[WhiteTeam "Noyon"]

1. e4 e5 2. Nf3 Nc6 3. Bb5 a6 4. Ba4 Nf6 5. O-O Be7 6. Re1 b5 7. Bb3 O-O 8. h3
Bb7 9. d3 d6 10. a3 Na5 11. Ba2 c5 12. Nc3 h6 13. Ne2 Bc8 14. Ng3 Nc6 15. c3
Be6 16. Bxe6 fxe6 17. b4 Nh7 18. Be3 Ng5 19. Nxg5 Bxg5 20. Qb3 Re8 21. Bxg5
Qxg5 22. a4 cxb4 23. axb5 axb5 24. Rxa8 Rxa8 25. Qxe6+ Kh7 26. Qxd6 Qd2 27. Rf1
Qxc3 28. Kh2 b3 29. f4 exf4 30. Ne2 Qe5 31. Qxc6 f3+ 32. Ng3 fxg2 33. Rg1 Ra1
34. d4 Qxd4 35. Ne2 Qe5+ 36. Kxg2 Qg5+ 37. Kf2 Rxg1 38. Nxg1 b2 39. Nf3 Qc1 40.
Qxb5 b1=Q 41. Qf5+ Kg8 42. Qe6+ Kh8 0-1

[Event " "]
[Site "Deauville"]
[Date "17.??.??"]
[Round "8.3"]
[White "Chomet, Pascal"]
[Black "Hommeles, Theo"]
[Result "0-1"]
[WhiteElo "2352"]
[BlackElo "2375"]
[PlyCount "90"]
[EventDate "17.??.??"]
[WhiteTeam "Bois-Colombes"]
[BlackTeam "Noyon"]

1. e4 c5 2. Nf3 d6 3. d4 cxd4 4. Nxd4 Nf6 5. Nc3 Nc6 6. Bc4 Qb6 7. Nb3 e6 8.
O-O Be7 9. a4 O-O 10. a5 Qc7 11. Bd3 d5 12. exd5 exd5 13. Ra4 Nb4 14. Nb5 Qd8
15. Bg5 Nxd3 16. Qxd3 a6 17. N5d4 Re8 18. Nf5 Bxf5 19. Qxf5 h6 20. Be3 Bd6 21.
Bf4 Bxf4 22. Rxf4 Rc8 23. Rb4 Re4 24. c3 Rxb4 25. cxb4 Rc4 26. Nc5 Rxb4 27. Rc1
Rc4 28. Rxc4 dxc4 29. h3 Qd4 30. Qc8+ Kh7 31. Qc7 Qxb2 32. g3 Qa1+ 33. Kh2 Qd4
34. Kg2 c3 35. Nxb7 Ne4 36. Qxf7 Qxf2+ 37. Qxf2 Nxf2 38. Nc5 c2 39. Nb3 Nd3 40.
Kf3 c1=Q 41. Nxc1 Nxc1 42. Ke4 Nb3 43. Kd5 Nxa5 44. Kc5 Nb7+ 45. Kd4 a5 0-1

[Event " "]
[Site "Deauville"]
[Date "17.??.??"]
[Round "8.4"]
[White "Nguyen, Chi-Minh"]
[Black "Vuilleumier, Alexandre"]
[Result "1-0"]
[WhiteElo "2383"]
[BlackElo "2368"]
[PlyCount "53"]
[EventDate "17.??.??"]
[WhiteTeam "Noyon"]

1. d4 Nf6 2. c4 c5 3. d5 e6 4. Nc3 exd5 5. cxd5 d6 6. e4 g6 7. f4 Bg7 8. e5
Nfd7 9. Nb5 dxe5 10. Nd6+ Ke7 11. Nxc8+ Qxc8 12. Nf3 Re8 13. Be2 e4 14. Ng5 Kf8
15. O-O h6 16. f5 Bd4+ 17. Kh1 hxg5 18. fxg6 f6 19. Bxg5 Kg7 20. Bg4 Rf8 21.
Qb3 fxg5 22. Qh3 Rh8 23. Rf7+ Kg8 24. Rh7 Qe8 25. Rxh8+ Bxh8 26. Qh7+ Kf8 27.
Rf1+ 1-0

[Event " "]
[Site "Deauville"]
[Date "17.??.??"]
[Round "8.5"]
[White "Guichard, Pauline"]
[Black "Housieaux, David"]
[Result "0-1"]
[WhiteElo "2294"]
[BlackElo "2327"]
[PlyCount "172"]
[EventDate "17.??.??"]
[WhiteTeam "Bois-Colombes"]
[BlackTeam "Noyon"]

1. d4 Nf6 2. c4 e6 3. Nf3 Bb4+ 4. Bd2 c5 5. Bxb4 cxb4 6. e3 b6 7. Qb3 a5 8. a3
Na6 9. Be2 O-O 10. Ne5 Bb7 11. O-O Qe7 12. axb4 Nxb4 13. Nd3 Ne4 14. Bf3 f5 15.
Bxe4 Bxe4 16. Nxb4 Qxb4 17. Qxb4 axb4 18. Nd2 Bd3 19. Rfc1 Rfc8 20. Rxa8 Rxa8
21. b3 Ra2 22. Nf3 Bc2 23. Ne5 Bxb3 24. Nd3 Rd2 25. Nxb4 Bxc4 26. h4 b5 27. Rb1
Kf7 28. Na6 Ra2 29. Nb4 Ra3 30. Kh2 Rb3 31. Rxb3 Bxb3 32. Kg3 d6 33. f3 Kf6 34.
e4 Bc4 35. exf5 Kxf5 36. Kf2 h6 37. Ke3 Bf1 38. g3 Bc4 39. Nc6 Kf6 40. Nb4 Kf5
41. Nc6 Kf6 42. Nb4 Bb3 43. Ke4 Bd1 44. Na2 Bc2+ 45. Ke3 Ke7 46. Nb4 Bg6 47.
Kd2 Kd7 48. Kc3 Bh5 49. g4 Bg6 50. f4 Be4 51. Na2 Bd5 52. Nb4 Bf3 53. g5 h5 54.
Kd3 Ke7 55. Nc2 Kd7 56. Kc3 Be4 57. Ne3 g6 58. Kb4 e5 59. fxe5 dxe5 60. Kc5
exd4 61. Kxd4 Bb1 62. Nd5 Ke6 63. Nc3 Bc2 64. Nxb5 Kf5 65. Ke3 Kg4 66. Nd4 Bd1
67. Nc6 Kxh4 68. Kf4 Kh3 69. Ne5 Bc2 70. Nc4 Bd3 71. Ne3 Bb1 72. Kf3 Kh2 73.
Kf2 Be4 74. Nc4 Kh3 75. Ke3 Bb1 76. Kf3 Bf5 77. Ne3 Bg4+ 78. Kf4 Be2 79. Nd5 h4
80. Ke3 Bh5 81. Nf6 Bd1 82. Kf2 Ba4 83. Kf3 Bc6+ 84. Kf4 Kg2 85. Ng4 h3 86.
Ne3+ Kg1 0-1

[Event " "]
[Site "Deauville"]
[Date "17.??.??"]
[Round "8.6"]
[White "Clery, Nicolas"]
[Black "Shoker, Samy"]
[Result "1-0"]
[WhiteElo "2324"]
[BlackElo "2353"]
[PlyCount "71"]
[EventDate "17.??.??"]
[WhiteTeam "Noyon"]

1. d4 g6 2. c4 Bg7 3. Nf3 d6 4. Nc3 Nf6 5. e4 O-O 6. h3 e5 7. d5 a5 8. Bg5 h6
9. Be3 Na6 10. Bd3 Nh5 11. g3 f5 12. exf5 gxf5 13. Nh4 Nf4 14. gxf4 Qxh4 15.
Ne2 exf4 16. Nxf4 Re8 17. Kd2 Nc5 18. Rg1 Kh7 19. Rxg7+ Kxg7 20. Qg1+ Kf7 21.
Qg6+ Ke7 22. Qg7+ Kd8 23. Ng6 Ne4+ 24. Bxe4 Qxe4 25. Qf6+ Kd7 $11 26. Rg1 f4
27. Nf8+ Rxf8 28. Qxf8 fxe3+ 29. fxe3 Qe7 30. Rg7 Qxg7 31. Qxg7+ Kd8 32. Qf8+
Kd7 33. Qxh6 c6 34. Qg7+ Kd8 35. h4 Bd7 36. h5 1-0

[Event " "]
[Site "Deauville"]
[Date "17.??.??"]
[Round "8.7"]
[White "Dumitran, Octavian"]
[Black "Aguettaz, Maxime"]
[Result "0-1"]
[WhiteElo "2269"]
[BlackElo "2345"]
[PlyCount "132"]
[EventDate "17.??.??"]
[WhiteTeam "Bois-Colombes"]
[BlackTeam "Noyon"]

1. Nf3 Nf6 2. c4 g6 3. Nc3 Bg7 4. e4 d6 5. d4 O-O 6. Be2 e5 7. Be3 Ng4 8. Bg5
f6 9. Bh4 h5 10. dxe5 Nxe5 11. Nxe5 dxe5 12. Qxd8 Rxd8 13. f4 exf4 14. Nd5 g5
15. O-O-O Rxd5 16. Rxd5 Nc6 17. Bf2 Be6 18. Rb5 b6 19. h4 a6 20. Rd5 g4 21.
Rxh5 Kf7 22. Rd1 Kg6 23. Rhd5 Bxd5 24. cxd5 Ne5 25. d6 c5 26. b4 f3 27. gxf3
gxf3 28. Rg1+ Kf7 29. Bf1 Rd8 30. bxc5 bxc5 31. Kc2 Rxd6 32. Be3 a5 33. h5 f5
34. exf5 Bh6 35. Bxh6 Rxh6 36. Kb3 Rxh5 37. Ka4 Rxf5 38. Kxa5 f2 39. Rh1 Rf4
40. Kb5 c4 41. Kb4 Ke6 42. Kc3 Kd5 43. Bg2+ Kc5 44. Rh5 Rf3+ 45. Bxf3 f1=Q 46.
Rxe5+ Kd6 47. Re3 Qf2 48. Kd4 Qd2+ 49. Ke4 Qxa2 50. Re2 Qb1+ 51. Ke3 Qd3+ 52.
Kf2 c3 53. Be4 Qd4+ 54. Kf3 Qf6+ 55. Ke3 Kc5 56. Bc2 Kc4 57. Bd3+ Kd5 58. Bc2
Qf1 59. Be4+ Ke5 60. Bc2 Qf4+ 61. Kd3+ Kd5 62. Bb3+ Kc5 63. Ra2 Qd4+ 64. Kc2
Qd2+ 65. Kb1 Qd3+ 66. Rc2 Kb4 0-1

[Event " "]
[Site "Deauville"]
[Date "17.??.??"]
[Round "8.8"]
[White "Assad, Karine"]
[Black "Bremond, Eric"]
[Result "0-1"]
[WhiteElo "2048"]
[BlackElo "2241"]
[PlyCount "102"]
[EventDate "17.??.??"]
[WhiteTeam "Noyon"]

1. d4 Nf6 2. Nf3 g6 3. c4 Bg7 4. Nc3 O-O 5. e4 d6 6. Bg5 h6 7. Bh4 Bg4 8. Be2
c5 9. d5 Nbd7 10. h3 Bxf3 11. Bxf3 a6 12. Qa4 Ne5 13. Be2 b5 14. cxb5 axb5 15.
Qc2 b4 16. Nd1 b3 17. Qxb3 Nxe4 18. Nc3 Qa5 19. Qc2 Nxc3 20. bxc3 Nd7 21. O-O
Qxc3 22. Rac1 Qxc2 23. Rxc2 g5 24. Bg3 Nb6 25. Bf3 Rfb8 26. Be4 Na4 27. f4 Nc3
28. Bf3 Rxa2 29. Rxa2 Nxa2 30. fxg5 hxg5 31. Bh5 Bd4+ 32. Kh2 f6 33. Re1 Kf8
34. h4 gxh4 35. Bf4 Be5 36. Bxe5 dxe5 37. Bg4 Nc3 38. Be6 Rb4 39. Ra1 Ra4 40.
Rc1 Ne4 41. Rb1 Rb4 42. Ra1 Nd6 43. Ra8+ Kg7 44. Ra7 Rb7 45. Ra4 c4 46. Kh3 f5
47. Ra8 e4 48. Kxh4 Kf6 49. g4 fxg4 50. Kxg4 Ke5 51. Ra1 c3 0-1

[Event " "]
[Site "Deauville"]
[Date "17.??.??"]
[Round "8.1"]
[White "Gharamian, Tigran"]
[Black "Dumitrache, Dragos-Nicolae"]
[Result "1/2-1/2"]
[WhiteElo "2477"]
[BlackElo "2455"]
[PlyCount "138"]
[EventDate "17.??.??"]
[WhiteTeam "Lille"]
[BlackTeam "Guingamp"]

1. e4 c5 2. Nf3 e6 3. d4 cxd4 4. Nxd4 a6 5. Bd3 Nc6 6. Nxc6 bxc6 7. O-O d5 8.
c4 Nf6 9. Nc3 Be7 10. cxd5 cxd5 11. Qa4+ Bd7 12. Qd4 dxe4 13. Nxe4 Bc6 14.
Qxd8+ Bxd8 15. Nd6+ Ke7 16. Nc4 Bc7 17. b3 Rhd8 18. Be2 Ke8 19. Ba3 Ne4 20.
Rac1 Bf4 21. Rc2 Bb7 22. Bf3 Rac8 23. g3 Bb8 24. Rfc1 f5 25. Bb4 Kf7 26. Bxe4
fxe4 27. Ne3 Rxc2 28. Rxc2 h5 29. h4 Rd3 30. Kf1 Rd7 31. Ba5 Kf6 32. Ke2 g6 33.
Bb6 Be5 34. Ba5 Bd4 35. Bd2 e5 36. Ba5 Ke6 37. Rc1 Rf7 38. Rc7 Rxc7 39. Bxc7
Bc6 40. Kd2 Bb5 41. Bd8 Bd3 42. Nd1 Kf5 43. Ne3+ Ke6 44. Bg5 Kd6 45. Nd1 Bb1
46. Nc3 Bd3 47. Be3 Kc6 48. Ne2 Bb2 49. Nc3 Ba1 50. Bh6 Bxc3+ 51. Kxc3 Bb1 52.
a3 Bd3 53. Kb4 Bc2 54. Ka5 Bxb3 55. Kxa6 Bd1 56. Bg7 Be2+ 57. Ka5 Kb7 58. Bxe5
Kc6 59. Bb2 Kb7 60. Kb4 Ka6 61. a4 Bg4 62. Bc3 Bd7 63. a5 Be6 64. Bd2 Bd7 65.
Kc4 Be6+ 66. Kc5 Bd7 67. Kd6 Bf5 68. Kd5 Kb5 69. g4 Bxg4 1/2-1/2

[Event " "]
[Site "Deauville"]
[Date "17.??.??"]
[Round "8.2"]
[White "Le Roux, Jean-Pierre"]
[Black "Froeyman, Helmut"]
[Result "1-0"]
[WhiteElo "2486"]
[BlackElo "2247"]
[PlyCount "77"]
[EventDate "17.??.??"]
[WhiteTeam "Guingamp"]

1. d4 f5 2. c4 Nf6 3. g3 e6 4. Bg2 d5 5. Nh3 c6 6. O-O Bd6 7. Bf4 Be7 8. Qc2
O-O 9. Nd2 h6 10. Rad1 g5 11. Be5 Nbd7 12. Kh1 Ng4 13. cxd5 exd5 14. Qc3 Ngxe5
15. dxe5 Qb6 16. Nb3 Nc5 17. Nd4 Ne6 18. Nc2 Bd7 19. f3 f4 20. Nf2 Ng7 21. e4
fxe3 22. Nxe3 Be6 23. Nfg4 Bxg4 24. Nxg4 Nf5 25. Qd3 Kg7 26. Bh3 Qd8 27. f4 d4
28. fxg5 Ne3 29. gxh6+ Kh8 30. Nxe3 dxe3 31. Rxf8+ Qxf8 32. Qxe3 Bg5 33. Qe4
Qxh6 34. Bf5 Be7 35. Rd7 Re8 36. Kg2 Qc1 37. Qg4 Qxb2+ 38. Kh3 Qxe5 39. Qg6 1-0

[Event " "]
[Site "Deauville"]
[Date "17.??.??"]
[Round "8.3"]
[White "Bouhallel, Rabah"]
[Black "Terrieux, Kevin"]
[Result "1/2-1/2"]
[WhiteElo "2329"]
[BlackElo "2332"]
[PlyCount "134"]
[EventDate "17.??.??"]
[WhiteTeam "Lille"]
[BlackTeam "Guingamp"]

1. e4 c5 2. Nf3 Nc6 3. Bb5 g6 4. O-O Bg7 5. Re1 Nf6 6. Bxc6 dxc6 7. h3 O-O 8.
d3 Ne8 9. Nc3 e5 10. Be3 b6 11. Qd2 f6 12. a3 Nc7 13. b4 cxb4 14. axb4 Rf7 15.
Na4 Rd7 16. Qc3 Rd6 17. Qb2 Bb7 18. Qb3+ Kh8 19. Nb2 Bc8 20. c4 Be6 21. Qc2 Rd7
22. Rad1 Qe7 23. Qa4 b5 24. Qa5 f5 25. Bc5 Qf6 26. exf5 Qxf5 27. Qa3 Bg8 28.
Be3 Ne6 29. cxb5 cxb5 30. Qa6 Rd5 31. Rc1 Qf8 32. Qa3 a5 33. Bd2 Nf4 34. d4
exd4 35. Bxf4 axb4 36. Qb3 Rf5 37. Qd1 Rxf4 38. Nd3 Rf5 39. Nfe5 b3 40. Qg4 b2
41. Rb1 Ra1 42. Nf3 Rxb1 43. Rxb1 Qa3 44. Nfe1 Qa1 45. Rxb2 Bc4 46. Kh2 Qa3 47.
Qe4 Rf8 48. Rb1 Qa8 49. Qe2 Qe8 50. Qd2 Qe4 51. Kg1 Ra8 52. Rd1 h6 53. Nc1 Re8
54. Nf3 Rd8 55. Nd3 Ra8 56. Nb4 Qe2 57. Nxd4 Qxd2 58. Rxd2 Rd8 59. Nf3 Ra8 60.
Nc6 Re8 61. Rd6 Kh7 62. Rd7 Re6 63. Nce5 Kg8 64. Rd8+ Kh7 65. Rd7 Be2 66. Rb7
b4 67. Ng4 Bxf3 1/2-1/2

[Event " "]
[Site "Deauville"]
[Date "17.??.??"]
[Round "8.4"]
[White "Alanic, Xavier"]
[Black "Cappon, John"]
[Result "0-1"]
[WhiteElo "2244"]
[BlackElo "2224"]
[PlyCount "76"]
[EventDate "17.??.??"]
[WhiteTeam "Guingamp"]

1. e4 c5 2. c4 Nc6 3. Nc3 g6 4. g3 Bg7 5. Bg2 d6 6. Nge2 e6 7. O-O Nge7 8. a3
O-O 9. Rb1 b6 10. b4 Bb7 11. d3 Qd7 12. Be3 Nd4 13. Bxd4 cxd4 14. Nb5 e5 15. a4
a6 16. Na3 f5 17. Qb3 fxe4 18. dxe4 Kh8 19. h4 g5 20. hxg5 Qg4 21. Qd3 Rab8 22.
Rb3 Qxg5 23. c5 d5 24. cxb6 Qg4 25. f3 dxe4 26. fxe4 Rxf1+ 27. Kxf1 Rf8+ 28.
Kg1 Bh6 29. Nc4 Ng6 30. Rb1 Rg8 31. Rb2 Nh4 32. Nxe5 Qe6 33. gxh4 Be3+ 34. Kh1
Qxe5 35. Nxd4 Bxd4 36. Re2 Bxb6 37. b5 Qa1+ 38. Kh2 Qg1+ 0-1

[Event " "]
[Site "Deauville"]
[Date "17.??.??"]
[Round "8.5"]
[White "Julve, Philippe"]
[Black "Alanic, Mickael"]
[Result "1-0"]
[WhiteElo "2236"]
[BlackElo "2230"]
[PlyCount "75"]
[EventDate "17.??.??"]
[WhiteTeam "Lille"]
[BlackTeam "Guingamp"]

1. d4 Nf6 2. c4 g6 3. Nc3 Bg7 4. e4 d6 5. Be2 O-O 6. Be3 e5 7. d5 Na6 8. g4 Nc5
9. f3 a5 10. h4 Bd7 11. h5 c6 12. dxc6 Bxc6 13. Qd2 Ne6 14. O-O-O Nd4 15. Bd3
Nd7 16. Bh6 Nc5 17. Bxg7 Kxg7 18. Kb1 g5 19. h6+ Kh8 20. Qe3 Rg8 21. Nge2 Qf6
22. Rh3 Rg6 23. Rdh1 Nde6 24. Bc2 Nf4 25. R3h2 Rb8 26. a4 Nxe2 27. Qxe2 Ne6 28.
Qe3 Nd4 29. Rh3 Rc8 30. Bd3 Qe6 31. Rh5 Qf6 32. R1h3 Qf4 33. Qxf4 gxf4 34. Ka2
Bd7 35. Nd5 Bxa4 36. Ne7 Rc5 37. Rf5 Nxf5 38. exf5 1-0

[Event " "]
[Site "Deauville"]
[Date "17.??.??"]
[Round "8.6"]
[White "Bodenez, Vincent"]
[Black "Lacrosse, Marc"]
[Result "0-1"]
[WhiteElo "2200"]
[BlackElo "2294"]
[PlyCount "38"]
[EventDate "17.??.??"]
[WhiteTeam "Guingamp"]

1. d4 d5 2. Nf3 Nf6 3. c4 e6 4. Nc3 c6 5. Bg5 Nbd7 6. e3 Qa5 7. Nd2 Bb4 8. Qc2
O-O 9. Be2 e5 10. O-O exd4 11. Nb3 Qb6 12. Nxd4 Bxc3 13. bxc3 dxc4 14. e4 Re8
15. f3 Qc5 16. Be3 Nd5 17. Bf2 Nf4 18. Nf5 Nxe2+ 19. Qxe2 Qxf5 0-1

[Event " "]
[Site "Deauville"]
[Date "17.??.??"]
[Round "8.7"]
[White "Vallet, Marc"]
[Black "Gicquel, Frederic"]
[Result "1-0"]
[WhiteElo "2190"]
[BlackElo "2237"]
[PlyCount "51"]
[EventDate "17.??.??"]
[WhiteTeam "Lille"]
[BlackTeam "Guingamp"]

1. e4 c6 2. d4 d5 3. e5 c5 4. dxc5 Nc6 5. Bb5 e6 6. Be3 Nge7 7. c3 Bd7 8. Bxc6
Nxc6 9. f4 g5 10. fxg5 Nxe5 11. Nf3 Nxf3+ 12. Qxf3 Qc7 13. b4 Bg7 14. O-O O-O
15. a4 f6 16. Bf4 Qd8 17. Bd6 Rf7 18. Nd2 Qe8 19. gxf6 Rxf6 20. Qxf6 Bxf6 21.
Rxf6 Qh5 22. Nf3 Re8 $11 23. Ne5 Bxa4 24. Rf3 Bc2 25. Nd7 Kh8 26. Be5+ 1-0

[Event " "]
[Site "Deauville"]
[Date "17.??.??"]
[Round "8.8"]
[White "Le Diouron, Aurelie"]
[Black "Swiercz, Sandra"]
[Result "1/2-1/2"]
[WhiteElo "2021"]
[BlackElo "1940"]
[PlyCount "104"]
[EventDate "17.??.??"]
[WhiteTeam "Guingamp"]

1. e4 c5 2. Nf3 e6 3. d4 cxd4 4. Nxd4 Nc6 5. c4 a6 6. Nc3 Qc7 7. Be3 Nf6 8. Bd3
Ne5 9. Qe2 Neg4 10. Bg5 Bc5 11. Bxf6 Nxf6 12. Nb3 Bd6 13. O-O-O Be5 14. Qc2 d6
15. g3 Nd7 16. f4 Bf6 17. Rhe1 Nc5 18. Nxc5 Qxc5 19. e5 dxe5 20. Ne4 Qe7 21.
Nxf6+ Qxf6 22. Rxe5 h6 23. Be4 O-O 24. Qd2 Qe7 25. g4 Rb8 26. g5 f6 27. gxf6
Qxf6 28. Rf1 Rd8 29. Qa5 b6 30. Qc3 Bb7 31. Bxb7 Rxb7 32. f5 Qg5+ 33. Kb1 Qg2
34. Qf3 Qxf3 35. Rxf3 exf5 36. Rfxf5 Rd2 37. h4 Rd4 38. h5 g6 39. hxg6 Rxc4 40.
Re6 a5 41. Rb5 Kg7 42. Rbxb6 Rxb6 43. Rxb6 a4 44. b3 axb3 45. axb3 Rg4 46. b4
h5 47. b5 h4 48. Rb7+ Kxg6 49. Rb8 Rb4+ 50. Kc2 Kg5 51. b6 h3 52. b7 h2 1/2-1/2

[Event " "]
[Site "Deauville"]
[Date "17.??.??"]
[Round "8.1"]
[White "Winants, Luc"]
[Black "Grigorov, Grigor"]
[Result "1/2-1/2"]
[WhiteElo "2516"]
[BlackElo "2426"]
[PlyCount "81"]
[EventDate "17.??.??"]
[WhiteTeam "Cappelle la Grande"]
[BlackTeam "C.E. Nantes"]

1. d4 Nf6 2. c4 e6 3. Nc3 Bb4 4. e3 O-O 5. Nge2 d5 6. cxd5 exd5 7. g3 Re8 8.
Bg2 c6 9. O-O Nbd7 10. f3 Nf8 11. e4 dxe4 12. fxe4 Bg4 13. Bg5 Be7 14. e5 N6d7
15. Bxe7 Rxe7 16. h3 Bxe2 17. Qxe2 Nb6 18. Rad1 f6 19. Be4 fxe5 20. d5 Qe8 21.
dxc6 bxc6 22. Bc2 Kh8 23. Rf5 Ne6 24. Rxe5 Nd7 25. Qd3 Nef8 26. Rxe7 Qxe7 27.
Kg2 Nf6 28. Bb3 c5 29. Qf3 Rc8 30. Rd2 Rd8 31. Rxd8 Qxd8 32. Nd5 N8d7 33. Qf5
Ng8 34. h4 Nb6 35. Nxb6 axb6 36. Qd5 Qe8 37. Qxg8+ Qxg8 38. Bxg8 Kxg8 39. Kf3
Kf7 40. Ke4 Ke7 41. a4 1/2-1/2

[Event " "]
[Site "Deauville"]
[Date "17.??.??"]
[Round "8.2"]
[White "Petkov, Vladimir"]
[Black "Carlier, Bruno"]
[Result "1-0"]
[WhiteElo "2441"]
[BlackElo "2430"]
[PlyCount "65"]
[EventDate "17.??.??"]
[WhiteTeam "C.E. Nantes"]

1. d4 d6 2. c4 e5 3. Nf3 e4 4. Ng5 f5 5. Nh3 Be7 6. Nf4 Nf6 7. Nc3 c6 8. e3 O-O
9. h4 Na6 10. Bd2 Nc7 11. d5 Ng4 12. Be2 Ne5 13. h5 Bg5 14. Qc2 Rb8 15. f3 Bh4+
16. Kf1 cxd5 17. Ncxd5 Nxd5 18. cxd5 Bd7 19. Qb3 b5 20. Ne6 Bxe6 21. dxe6 d5
22. h6 Ng4 23. Rd1 Bf6 24. hxg7 Bxg7 25. Bb4 Qb6 26. Bxf8 Nxe3+ 27. Ke1 Rxf8
28. e7 Qa5+ 29. Kf2 Nxd1+ 30. Rxd1 Qb6+ 31. Kf1 Re8 32. Qxd5+ Kh8 33. Qd8 1-0

[Event " "]
[Site "Deauville"]
[Date "17.??.??"]
[Round "8.3"]
[White "Jossien, Arnaud"]
[Black "Gerard, Nicolas"]
[Result "1-0"]
[WhiteElo "2327"]
[BlackElo "2307"]
[PlyCount "77"]
[EventDate "17.??.??"]
[WhiteTeam "Cappelle la Grande"]
[BlackTeam "C.E. Nantes"]

1. e4 c5 2. Nf3 d6 3. Nc3 Nf6 4. g3 Bg4 5. Bg2 Nc6 6. h3 Bxf3 7. Qxf3 g6 8. d3
Bg7 9. Be3 Nd7 10. Qd1 Rb8 11. Qd2 Nd4 12. O-O b5 13. Nd1 b4 14. c3 bxc3 15.
bxc3 Nc6 16. e5 Qc7 17. exd6 Qxd6 18. Bf4 e5 19. Bh6 O-O 20. Re1 Ne7 21. Bxg7
Kxg7 22. Ne3 Nb6 23. a4 a5 24. Ng4 Nd7 25. Nxe5 Nxe5 26. Qf4 N7c6 27. Bxc6 Qxc6
28. Rxe5 Rb2 29. d4 cxd4 30. Qxd4 Qf6 31. g4 h6 32. h4 Kg8 33. g5 hxg5 34. hxg5
Qd8 35. Rd5 Qc7 36. Kg2 Qb6 37. Qh4 Qc6 38. c4 Rd8 39. Rh1 1-0

[Event " "]
[Site "Deauville"]
[Date "17.??.??"]
[Round "8.4"]
[White "Delaunay, Sebastien"]
[Black "Platel, Alexandre"]
[Result "1-0"]
[WhiteElo "2344"]
[BlackElo "2194"]
[PlyCount "77"]
[EventDate "17.??.??"]
[WhiteTeam "C.E. Nantes"]

1. Nf3 c5 2. b3 Nf6 3. Bb2 Nc6 4. e3 d5 5. Bb5 Bd7 6. O-O e6 7. d3 b6 8. Nbd2
a6 9. Bxc6 Bxc6 10. Ne5 Bb7 11. f4 Bd6 12. Rf3 Qc7 13. Rg3 Rg8 14. Qe2 O-O-O
15. d4 Kb8 16. Rc1 Ne8 17. c4 $11 f6 18. dxc5 bxc5 19. Nd3 e5 20. cxd5 exf4 21.
exf4 Bxd5 22. Qf2 Rc8 23. Nc4 Be7 24. b4 Be4 25. Nxc5 Bb7 26. Na5 Bxc5 27. Rxc5
Qd7 28. Nxb7 Kxb7 29. Rxc8 Kxc8 30. Bd4 Kb7 31. b5 axb5 32. Ra3 Qc6 33. Ra7+
Kb8 34. h3 Nd6 35. Kh2 Nb7 36. a4 bxa4 37. Qa2 Rd8 38. Rxa4 Qd6 39. Ba7+ 1-0

[Event " "]
[Site "Deauville"]
[Date "17.??.??"]
[Round "8.5"]
[White "Jossien, Remy"]
[Black "Rihouay, Clement"]
[Result "1-0"]
[WhiteElo "2276"]
[BlackElo "2192"]
[PlyCount "109"]
[EventDate "17.??.??"]
[WhiteTeam "Cappelle la Grande"]
[BlackTeam "C.E. Nantes"]

1. e4 c5 2. Nf3 d6 3. g3 Nc6 4. Bg2 g6 5. O-O Bg7 6. d3 e6 7. Re1 Nge7 8. c3
O-O 9. Be3 Bd7 10. Qd2 b5 11. Bh6 Bxh6 12. Qxh6 f6 13. Nbd2 Kh8 14. Qe3 e5 15.
d4 cxd4 16. cxd4 Bg4 17. Rec1 Qd7 18. d5 Nb8 19. a4 b4 20. Ne1 Qd8 21. a5 Na6
22. Nb3 Qb8 23. Bf1 Bc8 24. Qd3 Bb7 25. Qb5 Rd8 26. Rc2 Kg7 27. Rac1 f5 28. f3
fxe4 29. fxe4 Kg8 30. Nf3 h6 31. Nh4 Kg7 32. Ng2 Kg8 33. Ne3 Kg7 34. Qa4 Bc8
35. Rxc8 Nxc8 36. Bxa6 Ne7 37. Rc4 Rf8 38. Qxb4 Rf3 39. Qc3 Kg8 40. Nd2 Rf7 41.
Qb4 Kg7 42. Qxb8 Rxb8 43. b4 Ng8 44. b5 Nf6 45. Rc6 Ne8 46. b6 axb6 47. axb6
Rd7 48. Nec4 Kf8 49. Rc8 Rd8 50. b7 Ke7 51. Na5 Kd7 52. Rxd8+ Kxd8 53. Nc6+ Kc7
54. Nxb8 Kxb8 55. Bb5 1-0

[Event " "]
[Site "Deauville"]
[Date "17.??.??"]
[Round "8.6"]
[White "Grill, Marc"]
[Black "Couche, Didier"]
[Result "1/2-1/2"]
[WhiteElo "2154"]
[BlackElo "2111"]
[PlyCount "62"]
[EventDate "17.??.??"]
[WhiteTeam "C.E. Nantes"]

1. e4 e6 2. d4 d5 3. Nc3 Bb4 4. e5 c5 5. a3 Bxc3+ 6. bxc3 Qa5 7. Qd2 b6 8. Nf3
Ne7 9. a4 Ba6 10. Bxa6 Qxa6 11. Qd3 Qxd3 12. cxd3 cxd4 13. Nxd4 Nbc6 14. Nb5
Kd7 15. f4 a6 16. Nd6 f6 17. d4 Nc8 18. Nxc8 Raxc8 19. exf6 gxf6 20. f5 e5 21.
dxe5 Nxe5 22. Be3 Rxc3 23. Bxb6 Nc4 24. Bd4 Rd3 25. Rd1 Rxd1+ 26. Kxd1 Rb8 27.
Kc2 Re8 28. Kd3 Ne5+ 29. Kd2 Nc4+ 30. Kd3 Ne5+ 31. Kd2 Nc4+ 1/2-1/2

[Event " "]
[Site "Deauville"]
[Date "17.??.??"]
[Round "8.7"]
[White "Gouvart, Stephane"]
[Black "Rabhi, Chamss-Eddine"]
[Result "0-1"]
[WhiteElo "1980"]
[BlackElo "2069"]
[PlyCount "40"]
[EventDate "17.??.??"]
[WhiteTeam "Cappelle la Grande"]
[BlackTeam "C.E. Nantes"]

1. e4 e6 2. d4 d5 3. exd5 exd5 4. Nf3 Bf5 5. c4 Bb4+ 6. Nc3 Nf6 7. Qb3 Qe7+ 8.
Be2 O-O 9. Ne5 Nc6 10. Nxc6 bxc6 11. Be3 c5 12. Rd1 cxd4 13. Rxd4 c5 14. Rf4
Bxc3+ 15. bxc3 Rab8 16. Qa4 Rb1+ 17. Bd1 Bd3 18. Qa3 Bxc4 19. Qxc5 Qb7 20. Rf3
Rxd1+ 0-1

[Event " "]
[Site "Deauville"]
[Date "17.??.??"]
[Round "8.8"]
[White "Marchadour, Claire"]
[Black "Husson, Cybele"]
[Result "1-0"]
[WhiteElo "2058"]
[BlackElo "2056"]
[PlyCount "101"]
[EventDate "17.??.??"]
[WhiteTeam "C.E. Nantes"]

1. e4 Nf6 2. e5 Nd5 3. d4 d6 4. c4 Nb6 5. Nf3 Bg4 6. exd6 exd6 7. Be2 Be7 8.
O-O O-O 9. Qc2 Nc6 10. Rd1 d5 11. c5 Nc8 12. Nc3 Be6 13. a3 g5 14. b4 a6 15.
Bd3 h6 16. Bf5 Bf6 17. Bxe6 fxe6 18. Qg6+ Bg7 19. Qxe6+ Kh8 20. Qxd5 Qf6 21.
Ne4 Qg6 22. Ng3 g4 23. Ne5 Nxe5 24. dxe5 Ne7 25. Qxb7 Qc2 26. Be3 Bxe5 27. Rac1
Qg6 28. Bd4 Bxd4 29. Rxd4 Qf6 30. Rd2 Rad8 31. Re2 Nd5 32. Ne4 Qe6 33. Ng3 Qf6
34. Rf1 Nf4 35. Re3 Nd3 36. Qxc7 Qd4 37. Qc6 Qf4 38. Qe4 Qxe4 39. Rxe4 Nf4 40.
Ne2 Nxe2+ 41. Rxe2 Rd3 42. Re3 Rd2 43. Re6 a5 44. Rxh6+ Kg7 45. Rb6 Ra2 46.
bxa5 Rxa3 47. a6 Ra8 48. c6 Kf8 49. Rc1 Rc8 50. c7 Rxc7 51. Rb8+ 1-0

[Event " "]
[Site "Migné-Auxances"]
[Date "17.??.??"]
[Round "8.1"]
[White "Debray, Christopher"]
[Black "Solodovnichenko, Yuri"]
[Result "0-1"]
[WhiteElo "2278"]
[BlackElo "2585"]
[PlyCount "74"]
[EventDate "17.??.??"]
[WhiteTeam "Evry Grand Roque II"]
[BlackTeam "Niort"]

1. e4 c5 2. Nf3 e6 3. d4 cxd4 4. Nxd4 Nf6 5. Nc3 d6 6. g3 Nc6 7. Bg2 Bd7 8. O-O
Be7 9. Re1 O-O 10. Nxc6 Bxc6 11. e5 dxe5 12. Qxd8 Rfxd8 13. Bxc6 bxc6 14. Rxe5
Nd5 15. Nxd5 cxd5 16. c3 a5 17. Re2 a4 18. Be3 Bf6 19. Bd4 Bxd4 20. cxd4 Rdc8
21. Rd1 g5 22. g4 Kf8 23. Rd3 Rc1+ 24. Kg2 Rac8 25. Red2 R8c4 26. Ra3 Kg7 27.
Re3 Rb4 28. a3 Rbc4 29. Ree2 Kg6 30. f3 h5 31. Kf2 Rc6 32. Re1 Rxe1 33. Kxe1
hxg4 34. fxg4 f5 35. h3 Rb6 36. Re2 Kf6 37. Re5 fxg4 0-1

[Event " "]
[Site "Migné-Auxances"]
[Date "17.??.??"]
[Round "8.2"]
[White "Stets, Dmitry"]
[Black "Roumegous, Marina"]
[Result "1-0"]
[WhiteElo "2378"]
[BlackElo "2206"]
[PlyCount "57"]
[EventDate "17.??.??"]
[WhiteTeam "Niort"]

1. e4 c6 2. d4 d5 3. exd5 cxd5 4. c4 Nf6 5. Nc3 e6 6. Nf3 Bb4 7. cxd5 Nxd5 8.
Qc2 Nc6 9. Be2 O-O 10. O-O Be7 11. a3 Bf6 12. Rd1 Nxc3 13. bxc3 b6 14. Bd3 h6
15. Qe2 Bb7 16. Qe4 g6 17. Bxh6 Re8 18. Qf4 Bh8 19. Bg5 Qc8 20. Qh4 Qc7 21. Bf4
e5 22. Ng5 Bg7 23. Bg3 a6 24. Bc4 Nd8 25. dxe5 Ne6 26. Qh7+ Kf8 27. Nxe6+ fxe6
28. Rd4 Re7 29. Rf4+ 1-0